Catálogo público

Xocoatl: Chocolate, la Aportación de México al Mundo Recetas e Historia / (Record no. 173300)

MARC details
000 -CABECERA
campo de control de longitud fija 00708nam a2200241Ia 4500
001 - NÚMERO DE CONTROL
campo de control dia_2800
003 - IDENTIFICADOR DEL NÚMERO DE CONTROL
campo de control CHAP
005 - FECHA Y HORA DE LA ÚLTIMA TRANSACCIÓN
campo de control 20230516140521.0
008 - DATOS DE LONGITUD FIJA--INFORMACIÓN GENERAL
campo de control de longitud fija 220117s1995 xx 000 0 und d
010 ## - NÚMERO DE CONTROL DE LA BIBLIOTECA DEL CONGRESO
Número de control de LC 173300
040 ## - FUENTE DE LA CATALOGACIÓN
Centro/agencia transcriptor CHAP
082 ## - NÚMERO DE LA CLASIFICACIÓN DECIMAL DEWEY
Número de clasificación 664.15 F5
100 ## - ENTRADA PRINCIPAL--NOMBRE DE PERSONA
Nombre de persona Figueroa de Dueñas, Martha
9 (RLIN) 40811
245 ## - MENCIÓN DE TÍTULO
Título Xocoatl: Chocolate, la Aportación de México al Mundo Recetas e Historia /
Mención de responsabilidad, etc. por Martha Figueroa de Dueñas
260 ## - PUBLICACIÓN, DISTRIBUCIÓN, ETC.
Lugar de publicación, distribución, etc. México, Diana
Fecha de publicación, distribución, etc. 1995
300 ## - DESCRIPCIÓN FÍSICA
Extensión 332P.
650 ## - PUNTO DE ACCESO ADICIONAL DE MATERIA--TÉRMINO DE MATERIA
Término de materia o nombre geográfico como elemento de entrada Chocolate
9 (RLIN) 22816
650 ## - PUNTO DE ACCESO ADICIONAL DE MATERIA--TÉRMINO DE MATERIA
Término de materia o nombre geográfico como elemento de entrada Chocolate
Subdivisión general historia
9 (RLIN) 153524
901 ## - ELEMENTOS DE DATOS A LOCAL LDA (RLIN)
a 664.15 F5
902 ## - ELEMENTOS DE DATOS B LOCAL, LDB (RLIN)
a M
905 ## - ELEMENTOS DE DATOS E LOCAL, LDE (RLIN)
a 0000001995 MEXA 0000000000ESP00
942 ## - ELEMENTOS DE PUNTO DE ACCESO ADICIONAL (KOHA)
Tipo de ítem Koha Libro
Fuente del sistema de clasificación o colocación Dewey Decimal Classification
Holdings
Estado de retiro Estado de pérdida Fuente del sistema de clasificación o colocación Estado dañado No para préstamo Código de colección Localización permanente Ubicación/localización actual Fecha de adquisición Información codificada de la localización en otra ubicación Total de préstamos Signatura topográfica completa Código de barras Fecha visto por última vez Fecha del último préstamo Número de copia Precio válido a partir de Tipo de ítem Koha
    Dewey Decimal Classification     General Ingenieria Agroindustrial Ingenieria Agroindustrial 18/01/2022 1 1 664.15 F5 dia_4730 21/08/2024 21/08/2024 1 18/01/2022 Libro